000 00988nam a2200277Ia 4500
001 Para_10416
003 CHAP
008 220125sAgos xx 000 0 und d
010 _a209096
040 _cCHAP
090 _aPA CD - TESIS 440
100 _aGarcía Santiago, Beatriz
_946610
245 _aEtiología del mildiu del quelite cenizo (Chenopodium album L.) en San Juan Tehuixtitlán, Estado de México /
_c Beatriz García Santiago; Director Santos Gerardo Leyva Mir
260 _aChapingo, Méx. :
_b el autor
300 _a1 CDS ROM (37 p.)
502 _aTesis (Ing. Agr. Esp. en Parasitología Agrícola). UACh. Departamento Parasitología Agrícola
700 _aLeyva Mir, Santos Gerardo. Director
_9171335
710 _aUACh Departamento Parasitología Agrícola
901 _aPA CD - TESIS 440
902 _aM
905 _a513220Agosto, 2015 an 8100000000 06
910 _aAgos
942 _cPARA
942 _cPARA
_d2
999 _c209096
_d209096